Библиографический бюллетень. Вып. 9: Охрана природы | Экономика сельского хозяйства | Технология эффективных микроорганизмов (ЭМ-технологии) (Запись № 347098)

Подробности
000 -МАРКЕР
контрольное поле 01651nam2a2200301 4500
001 - ИДЕНТИФИКАТОР ЗАПИСИ
контрольное поле RU\NLR\bibl\974369
005 - ИДЕНТИФИКАТОР ВЕРСИИ
контрольное поле 20250614212442.0
021 ## - НОМЕР ГОСУДАРСТВЕННОЙ РЕГИСТРАЦИИ
Код страны Российская Федерация
Номер 2006-21946п
Номер Листа государственной регистраци 820п
035 ## - ДРУГИЕ СИСТЕМНЫЕ НОМЕРА
Идентификатор записи (NLR Aleph) 000962298
100 ## - ДАННЫЕ ОБЩЕЙ ОБРАБОТКИ
Данные общей обработки 20060811d2004 |||y0rusy50 ca
101 0# - ЯЗЫК РЕСУРСА
Язык текста, звукозаписи и т.д. русский
102 ## - СТРАНА ПУБЛИКАЦИИ ИЛИ ПРОИЗВОДСТВА
Страна публикации Российская Федерация
105 ## - ПОЛЕ КОДИРОВАННЫХ ДАННЫХ: ТЕКСТОВЫЕ МАТЕРИАЛЫ, МОНОГРАФИЧЕСКИЕ
Кодированные данные о монографическом текстовом документе y |||||||||
200 1# - ЗАГЛАВИЕ И СВЕДЕНИЯ ОБ ОТВЕТСТВЕННОСТИ
Основное заглавие Охрана природы
-- Экономика сельского хозяйства
-- Технология эффективных микроорганизмов (ЭМ-технологии)
Сведения, относящиеся к заглавию библиографический указатель
210 ## - ПУБЛИКАЦИЯ, РАСПРОСТРАНЕНИЕ И ДР.
Дата издания, распространения и т.д. 2004
Место издания, распространения и т.д. Б. м.
215 ## - ФИЗИЧЕСКАЯ ХАРАКТЕРИСТИКА
Специфическое обозначение материала и объем 28 с.
461 #0 - УРОВЕНЬ НАБОРА
Встроенное поле 001RU\NLR\bibl\440086
-- 2001#$aБиблиографический бюллетень$vВып. 9
Системный номер (АБИС) связанной записи 771330
Автор Дальневосточная государственная научная библиотека (Хабаровск)
Место публикации Хабаровск
Дата публикации 2001
Первые сведения об ответственности Дальневост. гос. науч. б-ка
Имя издателя, распространителя и т.д. ДВГНБ
Заглавие Библиографический бюллетень
Номер тома Вып. 9
606 1# - НАИМЕНОВАНИЕ ТЕМЫ КАК ПРЕДМЕТ
Наименование темы "Эффективные микроорганизмы", биотехнология
Формальный подзаголовок Библиография
Тематический подзаголовок Применение в сельском хозяйстве
Системный номер авторитетной/нормативной записи 2319120
Идентификатор авторитетной/нормативной записи RU\NLR\auth\661387507
606 1# - НАИМЕНОВАНИЕ ТЕМЫ КАК ПРЕДМЕТ
Наименование темы Сельское хозяйство
Формальный подзаголовок Библиография
Тематический подзаголовок Экономика
Географический подзаголовок Российская Федерация
Системный номер авторитетной/нормативной записи 2079346
Идентификатор авторитетной/нормативной записи RU\NLR\auth\661255225
686 ## - ИНДЕКСЫ ДРУГИХ КЛАССИФИКАЦИЙ
Индекс П058я15
686 ## - ИНДЕКСЫ ДРУГИХ КЛАССИФИКАЦИЙ
Индекс У32(2Р)я1
686 ## - ИНДЕКСЫ ДРУГИХ КЛАССИФИКАЦИЙ
Индекс У28(2)532я1
801 #0 - ИСТОЧНИК ЗАПИСИ
Страна Российская Федерация
Организация NLR
Дата составления 20060811
Правила каталогизации rcr
801 #1 - ИСТОЧНИК ЗАПИСИ
Страна Российская Федерация
Организация NLR
Дата составления 20060811
942 ## - ДОПОЛНИТЕЛЬНЫЕ ЭЛЕМЕНТЫ ЗАПИСИ (АБИС)
Тип экземпляра АБИС Книга
980 ## - КОЛЛЕКЦИЯ
Название коллекции Национальная библиография
Экземпляры
Тип экземпляра Дата поступления Источник поступления Библиотека постоянного хранения Библиотека текущего хранения Место хранения Шифр хранения Штрих-код Статус экземпляра
Книга 11.08.2006 Обязательный экземпляр РНБ (Московский) РНБ (Московский) Центральная справочная библиотека С 2003-1/411 1-1237819  
Книга 11.08.2006 Обязательный экземпляр РНБ (Московский) РНБ (Московский) Обменный фонд   2241023